000 01023cam a2200253 4500
001 WB3702-30
008 000000n2001 000 0 eng u
035 _a(Sirsi) u110308
245 _aConverting redundant farm buildings
260 _c2001
490 _aFarmers Guardian
_v5 January 2001, 12-13(2)
520 _aIn the current climate of farm diversification, conversions of redundant farm buildings are occuring more frequently. With reference to the Carminowe Barn Restaurant project in Cornwall, the article discusses the issues surrounding farm building conversions which include the conflict between obtaining planning permission and adhering to building regulations.
590 _aWB
650 _aCONVERSIONS
650 _aREDUNDANT BUILDINGS
650 _aALTERNATIVE USES
650 _aGRANTS
650 _aPLANNING PERMISSION
650 _aFARM BUILDINGS
650 _aFARM DIVERSIFICATION
650 _aBUILDING REGULATIONS
_96224
690 _aRURAL-FARM BUSINESS MANAGEMENT
942 _n0
999 _c65783
_d65783